| 000 | 00319nam a2200121Ia 4500 | ||
|---|---|---|---|
| 008 | 170620s9999 xx 000 0 und d | ||
| 100 | _aPANDEYA - S N | ||
| 245 | 0 | _aELEMENTARY INORGANIC PHARMACEUTICAL CHEMISTRY | |
| 260 | _bS G PUBLICATION | ||
| 260 | _c2006 | ||
| 300 | _a291 | ||
| 546 | _aEnglish | ||
| 690 | _aINORGANIC PHARMACEUTICAL CHEMISTRY | ||
| 999 |
_c31074 _d31074 |
||